Therapeutic psychology: fundamentals of counseling and psychotherapy (Record no. 229749)

MARC details
000 -LEADER
fixed length control field 00431nam a2200157Ia 4500
008 - FIXED-LENGTH DATA ELEMENTS--GENERAL INFORMATION
fixed length control field 230917s9999||||xx |||||||||||||| ||und||
040 ## - CATALOGING SOURCE
-- 578
Original cataloging agency VIVEKANANDA LIBRARY
041 ## - Language
-- English
082 ## - DDC NUMBER
Classification number 616.8914 B732T
100 ## - MAIN ENTRY--PERSONAL NAME
Personal name Brammer, Lawrence M
245 #0 - TITLE STATEMENT
Title Therapeutic psychology: fundamentals of counseling and psychotherapy
250 ## - EDITION STATEMENT
Edition statement 4th ed.
260 ## - PUBLICATION, DISTRIBUTION, ETC. (IMPRINT)
Place of publication, distribution, etc New Jersry
Name of publisher, distributor, etc Prentice-Hall
Date of publication, distribution, etc 1982
300 ## - PHYSICAL DESCRIPTION
Pages xii, 466 p.
942 ## - ADDED ENTRY ELEMENTS (KOHA)
Koha item type Books
Holdings
Withdrawn status Lost status Damaged status Not for loan Location (home branch) Sublocation or collection (holding branch) Date acquired Koha issues (times borrowed) Koha full call number Accession No. Koha date last seen Koha item type
        VIVEKANANDA LIBRARY VIVEKANANDA LIBRARY 08/08/2002   616.8914 B732T 97879 17/09/2023 Books
© Designed and Maintained by Vivekananda Library, MDU Rohtak